000 00192nam a22000977a 4500
082 _a050
245 _aFILMFARE - ENGLISH - JULY 8, 2017
300 _a122P
490 _aJULY 8, 2017
942 _cCR
999 _c3676
_d3676